MARC

LEADER 00000nam0a2200000 4500
001 671140
005 20240305123851.0
035 |a (RuTPU)RU\TPU\retro\34867 
035 |a RU\TPU\book\111692 
090 |a 671140 
100 |a 20240304d1958 k||y0rusy5003 ca 
101 0 |a rus 
102 |a RU 
105 |a a z 011zy 
181 0 |a i   |b  e 
182 0 |a n 
183 0 |a nc  |2 RDAcarrier 
200 0 |a Вып. 4  |f Институт металлургии (Свердловск) ; отв. ред. Ватолин Н. А.  |e Сборник работ, посвящённых 40-летию ВЛКСМ 
203 |a Текст  |b визуальный  |c непосредственный 
210 |a Свердловск  |c Изд-во Ин-та металлургии УФ АН СССР  |d 1958 
215 |a 158 с.  |c ил. 
225 1 |a Труды Института металлургии (Свердловск)  |v Вып. 4 
320 |a Библиогр. в конце статей 
320 |a Библиогр. трудов научных сотрудников Института металлургии за 1932-1956 год с.283-292 
606 1 |a Металлургия общая  |2 stltpush  |9 62604 
606 1 |a Металловедение  |x Общие вопросы  |9 62070 
610 1 |a жидкий чугун 
610 1 |a кремний 
610 1 |a активность 
610 1 |a газовая фаза 
610 1 |a определение 
610 1 |a электросопротивление 
610 1 |a фазовый состав 
610 1 |a брикетированный ильменит 
610 1 |a насыщенный пар 
610 1 |a упругость 
610 1 |a твердые тела 
610 1 |a низшие сульфиды 
610 1 |a восстановление 
610 1 |a электроосаждение 
610 1 |a глиноземные шлаки 
610 1 |a медь 
610 1 |a хлоридно-щелочные растворы 
610 1 |a спекание 
610 1 |a содово-геленитовый спёк 
610 1 |a боросодержащие руды 
610 1 |a выгранка 
610 1 |a плавление 
610 1 |a ферротитан 
610 1 |a осаждение 
610 1 |a силикат кобальта 
675 |a 669  |z rus  |v 4 
675 |a 669.017  |z rus  |v 4 
675 |a 665.63  |z rus 
702 1 |4 340  |a Ревебцов  |b В. П. 
712 0 2 |a Академия наук СССР  |b Уральское отделение  |b Институт металлургии  |c (Свердловск)  |3 (RuTPU)RU\TPU\col\11359  |9 25281 
801 0 |a RU  |b 63413507  |c 20240304  |g psbo 
801 1 |a RU  |b 63413507  |c 20240304  |g PSBO 
801 2 |a RU  |b 63413507  |c 20240304  |g PSBO 
942 |c CR